00980 a2200181 45000010006000000050017000060080041000230030015000640400040000790800031001192450069001500200018002192640032002373000019002695050378002881000033006668560099006994743020260407155741.0260407a1994 arg spa dAR-UNSa-BCEJYS aAR-UNSa-BCEJYSbspacAR-UNSa-BCEJYS a330xEconomía en general10aLa economía de la complejidadpEconomía dinámica caótica a84-481-1802-2 1aMadrid :bMcGraw-Hillc1994 a170 p.c24 cm. a1. El estado actual de la Ciencia Económica - 2. La evolución de la física y el principio de indeterminación de Heisenberg - 3. Sistemas dinámicos - 4. Teoría del control óptimo - 5. Teoría de catástrofes - 6. Matemáticas del caos - 7. La economía de la complejidad - 8. Economía dinámica caótica (I) - 9. Economía dinámica caótica (II) - 1 aFernández Díaz, Andrés41uhttps://www.biblioeco.unsa.edu.ar/pmb/images/libros/L127504.jpgyImagen de portadaqimage/jpeg